Biggest Trading Partners- Bangladesh - Statistics

General Stats
  • This quiz has been taken 50 times
  • The average score is 28 of 32
Answer Stats
Exports Answer % Correct
26.8 bil China
100%
2.00 bil India
100%
13.8 bil India
100%
1.71 bil Japan
98%
2.57 bil Japan
98%
4.89 bil United Kingdom
98%
11.8 bil United States
98%
2.81 bil United States
98%
3.89 bil Indonesia
95%
1.71 bil Saudi Arabia
95%
2.35 bil Brazil
93%
10.4 bil Germany
93%
2.36 bil South Korea
93%
1.34 bil United Arab Emirates
93%
1.45 bil Australia
90%
4.24 bil Malaysia
90%
2.02 bil Netherlands
90%
1.22 bil Belgium
88%
2.17 bil Italy
88%
4.83 bil Singapore
88%
1.12 bil Switzerland
88%
2.02 bil Canada
85%
1.21 bil Canada
85%
4.92 bil France
85%
4.43 bil Spain
85%
1.36 bil Vietnam
83%
3.53 bil Poland
80%
1.23 bil Austria
76%
2.74 bil Qatar
73%
1.78 bil Taiwan
73%
1.28 bil Denmark
61%
1.05 bil Czech Republic
44%
No matching quizzes found
Score Distribution
Percent of People with Each Score
Percentile by Number Answered
Your Score History
You have not taken this quiz